Starbucks Menu Quiz Stats

Quiz not verified by Sporcle

Challenge
Share
Tweet
Embed
Score 0/80 Timer 06:00
0 Plays Today
% Correct
Grande
86.3%
Tall
85.1%
Caffe Vanilla
84.9%
Vanilla Bean
84.4%
Vanilla Rooibos
84.2%
Venti
83.7%
Caramel
81.8%
Mocha
80.5%
Mocha
80.3%
Strawberry
79.6%
Green
75.8%
Chocolate
72.7%
Short
67.9%
Latte
65.9%
Coffee
62.2%
Chai
61.9%
Chai
61.9%
Coffee
61.6%
Orange
55.4%
Espresso
50.2%
Espresso
50.2%
Espresso
50.2%
Black
48.4%
Java Chip
47.8%
Double Chocolaty Chip
46.9%
Hot Chocolate
46.4%
Green Tea
45.8%
Passion
43.7%
Caffe Americano
42.1%
White Chocolate
41%
Iced Coffee
38.9%
Strawberries and Creme
38.4%
Orange Mango
37.2%
Cappuccino
37.1%
Earl Grey
35.1%
Macchiato
34.7%
Caramel Macchiato
33.7%
Iced Latte
33%
Peppermint Mocha
32%
Awake
28.4%
% Correct
Iced Caffe Mocha
26.8%
Zen
25.2%
Iced Tea
24%
Lemonade
23.9%
Calm
23.6%
Refresh
23.6%
Pike Place
22.6%
Cinnamon Dolce
22.1%
Cinnamon Dolce
22%
Iced Caramel Macchiato
21.7%
French
20.6%
Caffe Verona
18.8%
Breakfast
18.5%
Sumatra
18.4%
Decaf
17.9%
Skinny Latte
17.2%
Italian
16.3%
House
15.2%
Kenya
15.1%
Colombia
14%
White Hot Chocolate
14%
Con Panna
11.9%
Komodo Dragon
11.6%
Guatemala
11.2%
Gold Coast
10.6%
Yukon
10.3%
Iced Tea Lemonade
10.3%
Iced White Chocolate Mocha
10.1%
Ethiopia
10.1%
Iced Peppermint
9.5%
Mexico
7.9%
Dark Cherry Mocha
7%
Iced Dark Cherry Mocha
6.8%
Caffe Estima
6.2%
3 Region Blend
6.1%
Costa Rica
6%
Peru
5.8%
Africa Kitamu
4.8%
Gazebo
4.7%
Daily Horizons
3.5%

You're not logged in!

Compare scores with friends on all Sporcle quizzes.
Join for Free
OR
Log In

You Might Also Like...

Show Comments

Extras

Created Jul 8, 2010ReportNominate
Tags:entire, menu, struck

Top Quizzes Today


Score Distribution

Your Account Isn't Verified!

In order to create a playlist on Sporcle, you need to verify the email address you used during registration. Go to your Sporcle Settings to finish the process.

Report this User

Report this user for behavior that violates our Community Guidelines.

Details: